000 00685nam a2200241 a 4500
001 43286
003 BD-RjUL
005 20211209053657.0
008 160620s1954 enka 001 0 eng d
035 _a(BD-RjUL)43404
035 _a2403540
040 _aNUN
_beng
_cNUN
_dABN:SN
041 _aeng
082 0 4 _a382
_222
_bPOI 1954
100 1 0 _aPolak, Jacques Jacobus.
_9132945
245 1 3 _aAn international economic system /
_cby J.J. Polak
260 _aLondon :
_bAllen & Unwin,
_c1954
300 _axi, 179 p. :
_bill. ;
_c22 cm.
500 _aIncludes index.
650 0 _aInternational economic relations.
_9132946
650 0 _aEconomic history.
_9132947
942 _2ddc
_cBK
999 _c43286
_d43286